Estados Brasileiros que são banhados pelo mar - Statistics

Estatísticas Gerais
  • Esse quiz foi jogado 117 vezes
  • A pontuação média é 16 de 17
Estatísticas das Respostas
Estado % Correto
Bahia
100%
Pará
100%
São Paulo
99%
Paraná
98%
Rio de Janeiro
98%
Rio Grande do Norte
97%
Rio Grande do Sul
97%
Santa Catarina
96%
Pernambuco
95%
Espírito Santo
94%
Paraíba
94%
Alagoas
93%
Ceará
93%
Maranhão
93%
Sergipe
92%
Piauí
89%
Amapá
88%
Nenhum quiz correspondente encontrado
Distribuição das Pontuações
Porcentagem de Pessoas com Cada Pontuação
Percentil de Números Respondidos
Sua Pontuação Histórica
Você não jogou esse quiz